Podnikanie v malých a stredných podnikoch praktikum

Uložené v:
Podrobná bibliografia
Hlavný autor: Bujnová, Darina
Korporativný autor: Ekonomická univerzita v Bratislave. Fakulta podnikového manažmentu
Médium: Kniha
Jazyk:Slovak
Vydavateľské údaje: Bratislava Vydavateľstvo EKONÓM 2002
Predmet:
Tagy: Pridať tag
Žiadne tagy, Buďte prvý, kto otaguje tento záznam!

MARC

LEADER 00000nam a2200000 4500
001 c131749
005 20221124090812.4
020 |a 80-225-1483-7 
041 0 |a slo 
044 |a SK 
245 1 0 |a Podnikanie v malých a stredných podnikoch  |b praktikum  |c Darina Bujnová 
264 1 |a Bratislava  |b Vydavateľstvo EKONÓM  |c 2002 
300 |a 186 s. 
610 2 0 |a podnikanie malé 
610 2 0 |a podnikanie stredné 
610 2 0 |a podnik malý 
610 2 0 |a podnik stredný 
610 2 0 |a rozhodovanie podnikové 
610 2 0 |a príjmy 
610 2 0 |a zdaňovanie 
610 2 0 |a poistenie zákonné 
610 2 0 |a zamestnanci 
610 2 0 |a odmeňovanie 
610 2 0 |a plánovanie 
610 2 0 |a odhady 
610 2 0 |a odbyt 
610 2 0 |a plán marketingový 
610 2 0 |a plán výrobný 
610 2 0 |a plán finančný 
610 2 0 |a ceny 
100 1 |a Bujnová, Darina 
710 2 |a Ekonomická univerzita v Bratislave. Fakulta podnikového manažmentu